<?xml version="1.0" encoding="UTF-8"?>
<record
    xmlns:xsi="http://www.w3.org/2001/XMLSchema-instance"
    xsi:schemaLocation="http://www.loc.gov/MARC21/slim http://www.loc.gov/standards/marcxml/schema/MARC21slim.xsd"
    xmlns="http://www.loc.gov/MARC21/slim">

  <leader>02914nam a2200277 a 4500</leader>
  <controlfield tag="001">BRCA_8994</controlfield>
  <controlfield tag="005">20190320210503.0</controlfield>
  <controlfield tag="008">130717s1755----sp-#######---#000-0#spa-#</controlfield>
  <datafield tag="041" ind1=" " ind2=" ">
    <subfield code="a">spa</subfield>
  </datafield>
  <datafield tag="044" ind1=" " ind2=" ">
    <subfield code="a">sp</subfield>
  </datafield>
  <datafield tag="084" ind1=" " ind2=" ">
    <subfield code="a">LM18</subfield>
    <subfield code="b">.B67 1755</subfield>
  </datafield>
  <datafield tag="100" ind1="1" ind2=" ">
    <subfield code="a">Bossuet, Jacques-B&#xE9;nigne</subfield>
    <subfield code="d">1627 - 1704</subfield>
    <subfield code="9">22321</subfield>
  </datafield>
  <datafield tag="245" ind1="1" ind2="0">
    <subfield code="a">Historia de las variaciones de las iglesias protestantes, y exposici&#xF3;n de la doctrina de la iglesia catholica, sobre los puntos de controversia</subfield>
    <subfield code="b">obras curiosissimas, enriquecidas de singular Erudicion, Escolastica, Theologica, y Dogmatica, en que se refiere las Variaciones, de Doctrinas, las temerarias empresas de Luthero, los moustrosos excessos de Enrique VIII. Rey de Inglaterra, la hypocresia, y falsedad de Cranmer, Arzobispo de Cantorberi; como tambi&#xE9;n de otro Hereges, pretendidos Reformadores, y no menos sacrilegos Enemigos de la Santa Iglesia Catholica, cuya &#xFA;nica verdadera Religi&#xF3;n con la mayor resulgencia triunfa gloriosamente de todas las Heregias</subfield>
    <subfield code="c">por el Iilmo. Dr. Jacobo Benigno Bossuet, Obispo Meldense; y traducidas de el Franc&#xE9;s por D. Miguel Joseph Fern&#xE1;ndez, Secreario de Excelentissimo Se&#xF1;or Marques de Ariza, etc.</subfield>
  </datafield>
  <datafield tag="260" ind1=" " ind2=" ">
    <subfield code="a">Madrid</subfield>
    <subfield code="b">En la Imprenta de los Herederos de D. Agvstin de Gordejvela</subfield>
    <subfield code="c">1755</subfield>
  </datafield>
  <datafield tag="300" ind1=" " ind2=" ">
    <subfield code="a">358 p. (t.3)</subfield>
    <subfield code="c">20.3 x 15.5 cm</subfield>
  </datafield>
  <datafield tag="500" ind1=" " ind2=" ">
    <subfield code="a">Con privilegio</subfield>
  </datafield>
  <datafield tag="500" ind1=" " ind2=" ">
    <subfield code="a">Estado f&#xED;sico: presenta encuadernaci&#xF3;n en pergamino con cintas</subfield>
  </datafield>
  <datafield tag="500" ind1=" " ind2=" ">
    <subfield code="a">Con marca de fuego: &#x201C;Procedencia de la marca: Colegio de la Se&#xF1;ora Santa Ana o de san &#xC1;ngel de Coyoac&#xE1;n(1). Instituci&#xF3;n: Orden de Carmelitas Descalzos. Provincia de San Alberto de M&#xE9;xico. Descripci&#xF3;n: Variaci&#xF3;n sobre las armas de la Orden del Monte Carmelo. Un mantel sumado de una cruz, cargado de una estrella y flanqueada la cruz de las letras capitales C y O. Al timbre, corona real abierta. Observaciones: Las iniciales podr&#xED;an hacer referencia a Coyoac&#xE1;n; de hecho, Rafael Sala y Carlos Krausse la atribuyen al Convento de Santa Ana de Coyoac&#xE1;n, actualmente El Carmen de San &#xC1;ngel, Ciudad de M&#xE9;xico. ------ Esta marca es semejante a la BEFK-3025 pero var&#xED;an las dimensiones. --------- La marca conserva cuatro elementos del escudo carmelita: la cruz, el monte/mantel, la estrella en punta y la corona de tres florones (con dos menores intercalados), simplificaci&#xF3;n de la de 12 estrellas (sentido m&#xED;stico del Apocalipsis) (2). Ubicaci&#xF3;n de la marca en el libro: Canto superior&#x201D;</subfield>
  </datafield>
  <datafield tag="650" ind1="1" ind2="4">
    <subfield code="a">Iglesia protestante</subfield>
    <subfield code="x">Historia</subfield>
    <subfield code="y">Obras anteriores a 1800</subfield>
    <subfield code="9">22322</subfield>
  </datafield>
  <datafield tag="650" ind1="1" ind2="4">
    <subfield code="a">Iglesia cat&#xF3;lica</subfield>
    <subfield code="x">Doctrina</subfield>
    <subfield code="y">Obras anteriores a 1800</subfield>
    <subfield code="9">22323</subfield>
  </datafield>
  <datafield tag="650" ind1="1" ind2="4">
    <subfield code="a">Protestantismo</subfield>
    <subfield code="y">Obras anteriores a 1800</subfield>
    <subfield code="9">22324</subfield>
  </datafield>
  <datafield tag="700" ind1="1" ind2=" ">
    <subfield code="a">Fern&#xE1;ndez, Miguel Joseph</subfield>
    <subfield code="e">tr.</subfield>
    <subfield code="9">22325</subfield>
  </datafield>
  <datafield tag="856" ind1=" " ind2=" ">
    <subfield code="a">http://www.marcasdefuego.buap.mx:8180/xmLibris/projects/firebrand/item.jsp?repository=marcas_de_fuego&amp;key=marcas_de_fuego_carmelitas_20150604113816_cd6c.xml&amp;num=34</subfield>
  </datafield>
  <datafield tag="902" ind1=" " ind2=" ">
    <subfield code="a">CFM</subfield>
  </datafield>
  <datafield tag="942" ind1=" " ind2=" ">
    <subfield code="2">lcc</subfield>
    <subfield code="c">B</subfield>
  </datafield>
  <datafield tag="999" ind1=" " ind2=" ">
    <subfield code="c">8645</subfield>
    <subfield code="d">8645</subfield>
  </datafield>
  <datafield tag="952" ind1=" " ind2=" ">
    <subfield code="0">0</subfield>
    <subfield code="1">0</subfield>
    <subfield code="2">lcc</subfield>
    <subfield code="4">0</subfield>
    <subfield code="7">0</subfield>
    <subfield code="8">CFM</subfield>
    <subfield code="a">BRCA</subfield>
    <subfield code="b">BRCA</subfield>
    <subfield code="d">2017-07-13</subfield>
    <subfield code="l">0</subfield>
    <subfield code="o">LM18 .B67 1755</subfield>
    <subfield code="p">CFM00277</subfield>
    <subfield code="r">2019-03-22 00:00:00</subfield>
    <subfield code="w">2019-03-22</subfield>
    <subfield code="y">B</subfield>
  </datafield>
</record>
